History - Cross, Historiography, and Miscellaneous | 0 | 6 | 0 | 0 | 60 | 66 | 100.67 | 0 | 0 |
History - American | 0 | 4 | 0 | 0 | 40 | 87 | 112.50 | 0 | 0 |
Other - Other Academic and General Knowledge | 0 | 2 | 0 | 0 | 20 | 110 | 113.00 | 0 | 0 |
Fine Arts - Painting | 0 | 2 | 0 | 0 | 20 | 111 | 118.00 | 0 | 0 |
History - European | 0 | 1 | 0 | 0 | 10 | 119 | 119.00 | 0 | 0 |
History - World | 0 | 1 | 0 | 0 | 10 | 116 | 116.00 | 0 | 0 |
Literature - British | 0 | 1 | 0 | 0 | 10 | 126 | 126.00 | 0 | 0 |
RMP - Christian Practice | 0 | 1 | 0 | 0 | 10 | 85 | 85.00 | 0 | 0 |
Fine Arts - Music | 0 | 1 | 0 | 0 | 10 | 127 | 127.00 | 0 | 0 |
RMP - Greco-Roman Mythology | 0 | 1 | 0 | 0 | 10 | 117 | 117.00 | 0 | 0 |
RMP - World Mythology | 0 | 1 | 0 | 0 | 10 | 117 | 117.00 | 0 | 0 |
Fine Arts - Jazz | 0 | 1 | 0 | 0 | 10 | 124 | 124.00 | 0 | 0 |
Science - Chemistry | 0 | 1 | 0 | 0 | 10 | 112 | 112.00 | 0 | 0 |
Science - Engineering and Miscellaneous | 0 | 0 | 0 | 0 | 0 | | 0.00 | 0 | 0 |
Fine Arts - Sculpture | 0 | 0 | 0 | 0 | 0 | | 0.00 | 0 | 0 |
RMP - Hebrew Bible | 0 | 0 | 0 | 0 | 0 | | 0.00 | 0 | 0 |
RMP - Philosophy | 0 | 0 | 0 | 0 | 0 | | 0.00 | 0 | 0 |
Science - Biology | 0 | 0 | 0 | 0 | 0 | | 0.00 | 0 | 0 |
Science - Computer Science | 0 | 0 | 0 | 0 | 0 | | 0.00 | 0 | 0 |
Current Events - World | 0 | 0 | 0 | 0 | 0 | | 0.00 | 0 | 0 |